000
00340nam a2200133Ia 4500
008
100328s9999 xx 000 0 und d
082
_b
54171
100
_a
---
245
_a
ऊस,गूळ,साखर
260
_b
उदयम
630
_a
ऊस,गूळ,साखर
730
_a
ऊस,गूळ,साखर
942
_c
BOOK
999
_c
540894
_d
540891